000
00277nam a22001217a 4500
020
_a
9780205230969
100
_a
HENSLIN JAMES M
245
_a
SOCIOLOGY: a down to earth approach
250
_a
11th ed
260
_a
BOSTON
_b
PEARSON
_c
2012
300
_a
657
_b
ILL
942
_c
BK
999
_c
251242
_d
251242